000 00577cam a22002291 4500
001 sa 67001342
003 DLC
005 20260227112322.0
008 890522s1964 ii b 000 0 hino
010 _asa 67001342
035 _a(OCoLC)19749111
040 _aDLC
_cWaU
_dDLC
042 _apremarc
050 0 0 _aPK2098.G8
_bZ69 1964
100 1 _aGoel, Uma Kant.
245 1 0 _aMaithilīśaraṇa Gupta.
260 _c[1964]
300 _a508 p.
_c[1964]
500 _aIn Hindi.
504 _aBibliography: p. 503-508.
600 1 0 _aGupta, Maithili Sarana,
_d1886-1964.
999 _c72554
_d72554